000
00327nam a22001457a 4500
008
221114b ||||| |||| 00| 0 eng d
020
_a
0393301540
041
_a
eng
080
_a
159.9
082
_a
159.9 GOD
100
_a
25
101
_a
PSI
245
_a
SCIENTISTS CONFRONT CREATIONISM
_c
GODFREY R.L
942
_2
udc
_c
BK
999
_c
58890
_d
58890